00262nam a2200097Ia 4500008004100000100002500041245002000066260004900086300000900135650002000144190216s9999||||xx |||||||||||||| ||und|| aPunathil Kunhabdulla 0aSmarakashilakal bSahithya Pravarthaka Sahakarana Sangamc1980 a324p aMalayalam Novel